<?xml version="1.0" encoding="UTF-8"?>
<record
    xmlns:xsi="http://www.w3.org/2001/XMLSchema-instance"
    xsi:schemaLocation="http://www.loc.gov/MARC21/slim http://www.loc.gov/standards/marcxml/schema/MARC21slim.xsd"
    xmlns="http://www.loc.gov/MARC21/slim">

  <leader>02390nam a22002057a 4500</leader>
  <controlfield tag="003">DO-CoUTE</controlfield>
  <controlfield tag="005">20260506150237.0</controlfield>
  <controlfield tag="008">260506b        dr ||||| |||| 00| 0 spa d</controlfield>
  <datafield tag="040" ind1=" " ind2=" ">
    <subfield code="a">DO-CoUTE</subfield>
    <subfield code="b">spa</subfield>
    <subfield code="c">DO-CoUTE</subfield>
  </datafield>
  <datafield tag="082" ind1=" " ind2=" ">
    <subfield code="a">RD616.S195D2021</subfield>
  </datafield>
  <datafield tag="100" ind1="1" ind2=" ">
    <subfield code="a">Sang Ben, Miguel </subfield>
    <subfield code="e">Autor </subfield>
  </datafield>
  <datafield tag="245" ind1="1" ind2="0">
    <subfield code="a">Divagando :</subfield>
    <subfield code="b">Con el Covid-19 durante el confinamiento /</subfield>
    <subfield code="c">Miguel Sang Ben </subfield>
  </datafield>
  <datafield tag="260" ind1=" " ind2=" ">
    <subfield code="a">Santo Domingo ; </subfield>
    <subfield code="b">Instituto Superior para la defensa general juan pablo duarte y diez, </subfield>
    <subfield code="c">2021</subfield>
  </datafield>
  <datafield tag="300" ind1=" " ind2=" ">
    <subfield code="a">207 Pagina </subfield>
    <subfield code="c">23cm, </subfield>
  </datafield>
  <datafield tag="504" ind1=" " ind2=" ">
    <subfield code="a">Incluye referencia bibliogr&#xE1;fica e &#xED;ndice.


</subfield>
  </datafield>
  <datafield tag="505" ind1=" " ind2=" ">
    <subfield code="a">Prologo 7 -- Introducci&#xF3;n 13 -- El encuentro del mundo chino con sus ant&#xED;podas dominicanos 17 -- Un ejemplo de &#xAB;Mestizaje cultural&#xBB; 35 -- Otro ejemplo de &#xAB;Mestizaje cultural&#xBB; 39 -- &#xAB;Ciencia e inconciencia&#xBB;: geopol&#xED;tica del &#xB4;&#xB4;Novo coronavirus&#xB4;&#xB4; 43 -- &#xAB;Ciencia y pol&#xED;tica&#xBB; con el Novo coronavirus 49 -- &#xAB;El pa&#xED;s de Mar&#xED;a Sant&#xED;sima&#xBB; 55 -- &#xAB;Trascender las fronteras&#xBB;: el impacto medi&#xE1;tico de la crisis 59 -- &#xAB;Las estrategias para vencer en la Guerra Mundial contra el Coronavirus&#xBB; 63 -- &#xAB;Pol&#xED;tica y Coronavirus&#xBB;: &#xBF;Cu&#xE1;l es la cuesti&#xF3;n? 71 -- &#xAB;De regreso al futuro&#xBB;: neo-guerra fr&#xED;a y el Covid-19 77 -- &#xAB;Quo Vadis, Humanes&#xBB;: sobre la filosof&#xED;a frente a la pandemia 85 -- &#xAB;&#xBF;Nos llevar&#xE1; el Covid-19 a un gobierno mundial?&#xBB; 97 -- &#xAB;Voldermort como clave de una conspiraci&#xF3;n del Covid-19&#xBB;: sobre las teor&#xED;as de las &#xB4;&#xB4;conspiraciones&#xB4;&#xB4; 103 -- &#xAB;Unas elecciones en medio del Covid-19&#xBB; 115 -- &#xAB;&#xBF;Una nueva organizaci&#xF3;n de las naciones unidas? &#xBB; 119 -- &#xAB;&#xBF;Es China culpable?&#xBB; 123 -- &#xAB;&#xBF;El futuro centro pand&#xE9;mico ser&#xE1; Am&#xE9;rica Latina?&#xBB; 131 -- El valor de la &#xAB;Cumbre por la unidad y recuperaci&#xF3;n nacional&#xBB; 135 -- &#xAB;Ciencia vs. pol&#xED;tica&#xBB;: &#xBF;Cu&#xE1;l ser&#xE1; el desenlace? 139 -- &#xAB;Covid-19&#xBB;: los riesgos de la reapertura precipitada 147 -- &#xAB;Covid-19 y violencia policial&#xBB;: &#xBF;Un c&#xF3;ctel inflamable? 151 -- &#xAB;Covid-19: &#xBF;C&#xF3;mo nos est&#xE1; afectando psicol&#xF3;gicamente? &#xBB; 155 -- &#xAB;&#xBF;C&#xF3;mo est&#xE1; afectando el Covid-19 a las religiones?&#xBB; 167 -- &#xAB;&#xBF;C&#xF3;mo est&#xE1; afectando el Covid-19 a las industrias creativas? &#xBB; 175 -- &#xAB;Como est&#xE1; afectando el Covid-19 a las fuerzas armadas&#xBB; 183 -- &#xAB;&#xC1;ngela Merkel&#xBB;: Una grande estadista de la era pand&#xE9;mica 187 -- Ep&#xED;logo 203</subfield>
  </datafield>
  <datafield tag="650" ind1=" " ind2="4">
    <subfield code="a">pandemia </subfield>
  </datafield>
  <datafield tag="700" ind1="1" ind2=" ">
    <subfield code="a">Miguel Sang Ben </subfield>
    <subfield code="e">Autor </subfield>
  </datafield>
  <datafield tag="942" ind1=" " ind2=" ">
    <subfield code="2">ddc</subfield>
    <subfield code="c">BK</subfield>
  </datafield>
  <datafield tag="999" ind1=" " ind2=" ">
    <subfield code="c">24173</subfield>
    <subfield code="d">24173</subfield>
  </datafield>
  <datafield tag="952" ind1=" " ind2=" ">
    <subfield code="0">0</subfield>
    <subfield code="1">0</subfield>
    <subfield code="2">ddc</subfield>
    <subfield code="4">0</subfield>
    <subfield code="7">0</subfield>
    <subfield code="8">RD</subfield>
    <subfield code="a">BU</subfield>
    <subfield code="b">BU</subfield>
    <subfield code="c">GEN</subfield>
    <subfield code="d">2026-05-06</subfield>
    <subfield code="i">023660</subfield>
    <subfield code="l">0</subfield>
    <subfield code="o">RD616.S195D2021</subfield>
    <subfield code="p">023660</subfield>
    <subfield code="r">2026-05-06 15:03:04</subfield>
    <subfield code="t">Ej.1</subfield>
    <subfield code="w">2026-05-06</subfield>
    <subfield code="y">BK</subfield>
  </datafield>
</record>
